| 000 | 00599nam a22002057a 4500 | ||
|---|---|---|---|
| 008 | 150518b xxu||||| |||| 00| 0 eng d | ||
| 020 | _a9780073380650 | ||
| 020 | _a0073380652 | ||
| 041 | 0 | _aeng | |
| 080 | _a004.2 | ||
| 100 | 1 | _aHamacher, V. Carl. | |
| 245 | 0 | 0 |
_aComputer organization and embedded systems / _cCarl Hamacher ... [et al.]. |
| 250 | _a6th ed. | ||
| 260 |
_aNew York, NY : _bMcGraw-Hill, _cc2012. |
||
| 300 |
_a710 f.: _bme il.: _c24 cm. |
||
| 650 | 0 | _aOrganizimi i kompjuterit | |
| 650 | 0 | _aSistemet kompjuterike të integruara | |
| 700 | 1 | _aHamacher, V. Carl. | |
| 942 |
_2udc _cBK |
||
| 999 |
_c800 _d800 |
||